|
|
|
|
| LEADER |
01061nam a2200301 a 4500 |
| 001 |
617 |
| 003 |
BD-DhAAL |
| 005 |
20150330094507.0 |
| 008 |
150330s1998 dcua b i000 0 eng |
| 010 |
|
|
|a 96041591
|
| 020 |
|
|
|a 0821338102
|
| 040 |
|
|
|a DLC
|c DLC
|d DLC
|d BD-DhAAL
|
| 050 |
0 |
0 |
|a LB2831.5
|b .G39 1998
|
| 082 |
0 |
0 |
|a 371.2/01
|2 20
|
| 100 |
1 |
|
|a Gaynor, Cathy.
|9 10157
|
| 245 |
0 |
0 |
|a Decentralization of education :
|b teacher management /
|c Cathy Gaynor.
|
| 260 |
|
|
|a Washington, D.C. :
|b World Bank,
|c c1998.
|
| 300 |
|
|
|a vii, 76 p. :
|b ill. ;
|c 23 cm.
|
| 490 |
1 |
|
|a Directions in development
|
| 504 |
|
|
|a Includes bibliographical references (p.72-76).
|
| 541 |
|
|
|e 617
|
| 650 |
|
0 |
|a School personnel management.
|9 10158
|
| 650 |
|
0 |
|a Schools
|x Decentralization.
|9 10159
|
| 650 |
|
0 |
|a Teachers.
|9 10160
|
| 830 |
|
0 |
|a Directions in development (Washington, D.C.)
|9 10161
|
| 942 |
|
|
|2 ddc
|c BK
|
| 999 |
|
|
|c 34171
|d 34171
|
| 952 |
|
|
|0 0
|1 0
|2 ddc
|4 0
|6 371_201000000000000_GAY
|7 0
|9 53323
|a SCL
|b SCL
|c GEN
|d 2015-03-30
|l 0
|o 371.201 GAY
|p 3020000617
|r 2015-03-30
|t 1
|w 2015-03-30
|y BK
|